000 00712nam a2200229 a 4500
001 000024728
005 20200930023332.0
008 110203s1999 sp ac r 001 0 spa d
020 _a8420790591
040 _aDO-SdBNP
_bspa
_cBNPHU
082 _axxxxx
_bS941s
100 1 _aSubirats, Eduardo
_950736
245 1 0 _aSobre la libertad :
_bnotas de viaje /
_cEduardo Subirat.
260 _aMadrid :
_bAnaya,
_c1999.
300 _a111 p. :
_bil., retrs. ;
_c21 cm.
490 1 _aPunto de referencia Anaya
500 _aIncluye índice analítico.
500 _aIncluye índice onomástico.
500 _aIncluye referencia biográfica del autor.
830 0 _aPunto de referencia Anaya
_944582
049 _aBNGR
999 _c24221
_d24221